Normal view
MARC view
Entry Personal Name
001 - CONTROL NUMBER
- control field: 17978
003 - CONTROL NUMBER IDENTIFIER
- control field: ARRUPE
005 - DATE AND TIME OF LATEST TRANSACTION
- control field: 20150713131522.0
008 - FIXED-LENGTH DATA ELEMENTS
- fixed length control field: 150713|| aca||aabn | a|a d
040 ## - CATALOGING SOURCE
- Original cataloging agency: ARRUPE
- Transcribing agency: ARRUPE
100 ## - HEADING--PERSONAL NAME
- Personal name: West, M. L.
- Fuller form of name: (Martin Litchfield),
- Dates associated with a name: 1937-
670 ## - SOURCE DATA FOUND
- Source citation: Work cat.: (ARRUPE)0: Hesiod. 17974, Theogony ; and, Works and days /, 1988.